000 01121nam a2200313Ia 4500
001 Z_2212
003 CHAP
008 220113s1994 xx 000 0 und d
010 _a165268
040 _cCHAP
090 _aTesis G 952
100 _aGuevara Razo, Angel Salvador
_951321
245 _aComportamiento productivo de especies forrajeras en el municipio de Llera, Tamaulipas, bajo condiciones de temporal en su primer año de estudio /
_cpor Angel Salvador Guevara Razo y Heber Gutiérrez Aguilar
260 _aChapingo, Méx. :
_bEl autor,
_c1994
300 _a56 h.
502 _aTesis (Ing. Agr. Esp. en Zootecnia) -- UACH. Departamento de Zootecnia
650 _aPastos forrajeros
_xDigestibilidad
_986102
650 _aPastos forrajeros
_xMateria seca
_xDeterminación
_986109
650 _aPastos forrajeros
_xNitrógeno
_9139233
650 7 _aPastos forrajeros
_xRendimiento
_2
_986118
650 _aPlantas forrajeras
_xTamaulipas
_988988
700 _aGutiérrez Aguilar, Heber
_951604
901 _aTESIS G 952
902 _aM
910 _a1994
942 _c2
942 _c2
999 _c165268
_d165268